[Event "2. Bundesliga Ost 2015/2016"]
[Site "Wien"]
[Date "2016.04.09"]
[Round "10"]
[Board "4"]
[White "Neumeier, Klaus"]
[Black "Trippold, Denise"]
[Result "1/2-1/2"]
[WhiteElo "2284"]
[BlackElo "1982"]
[PlyCount "63"]
[EventDate "2015.10.17"]
[EventType "team"]
[EventRounds "11"]
[EventCountry "AUT"]
[WhiteTeam "SC Data Technology Pressbaum/E."]
[BlackTeam "SK Advisory Invest Baden"]

1. Nf3 c5 2. g3 d5 3. c4 d4 4. e3 Nc6 5. exd4 cxd4 6. d3 h6 7. Bg2 Bf5 8. b4
Nxb4 9. Qa4+ Nc6 10. Nxd4 Qxd4 11. Bxc6+ Bd7 12. Bxd7+ Qxd7 13. Qxd7+ Kxd7 14.
Nc3 Nf6 15. Rb1 b6 16. a4 Kc6 17. Nb5 e6 18. O-O Be7 19. Be3 Rhd8 20. d4 Ne4
21. Rfc1 Kd7 22. f3 Nf6 23. d5 exd5 24. cxd5 Nxd5 25. Rd1 Kc6 26. Rbc1+ Bc5 27.
Bxc5 bxc5 28. Nd4+ Kd6 29. Nb5+ Kc6 30. Nd4+ Kd6 31. Nf5+ Kc6 32. Nd4+ 1/2-1/2

[Event "2. Bundesliga Ost 2015/2016"]
[Site "Wien"]
[Date "2016.04.09"]
[Round "10"]
[Board "5"]
[White "Hofegger, Jakob"]
[Black "Weissenbeck, Manuel"]
[Result "1/2-1/2"]
[WhiteElo "1990"]
[BlackElo "2246"]
[PlyCount "127"]
[EventDate "2015.10.17"]
[EventType "team"]
[EventRounds "11"]
[EventCountry "AUT"]
[WhiteTeam "SK Advisory Invest Baden"]
[BlackTeam "SC Data Technology Pressbaum/E."]

1. Nf3 c5 2. g3 Nc6 3. Bg2 d5 4. O-O Nf6 5. d3 e5 6. e4 Be7 7. Nc3 d4 8. Ne2
Bd7 9. Nd2 b5 10. h3 Qc8 11. Kh2 g5 12. a4 a6 13. c3 Rg8 14. Nb1 g4 15. h4 Rg6
16. Na3 Nd8 17. axb5 axb5 18. Bd2 Nh5 19. cxd4 cxd4 20. Qb3 Rb8 21. Rfc1 Qb7
22. Bf1 Rf6 23. Be1 Ne6 24. Qd1 Nc5 25. Rcb1 Be6 26. Nc1 Rg6 27. Nc2 Nb3 28.
Nxb3 Bxb3 29. Qe2 b4 30. Rd1 Rc8 31. Rd2 Rgc6 32. Rc1 Nf6 33. Na1 Rxc1 34. Nxb3
R1c7 35. Na5 Qa8 36. Nc4 Rxc4 37. dxc4 Qxe4 38. Qd1 Qf5 39. Qa4+ Qd7 40. Qa5
Qc7 41. Qb5+ Nd7 42. Bd3 Qc6 43. Bxh7 Qxc4 44. Qb7 Qc6 45. Qxc6 Rxc6 46. Re2
Nf6 47. Bf5 e4 48. Bxe4 Nxe4 49. Rxe4 Re6 50. Rxe6 fxe6 51. b3 e5 52. Kg2 e4
53. Bd2 Kf7 54. Kf1 Kg6 55. Ke2 Bd6 56. Be1 Kf5 57. Bd2 Be7 58. Be1 Ke5 59. Bd2
Kd5 60. Kf1 d3 61. Ke1 Kd4 62. Kd1 Ke5 63. Be3 Kf5 64. Bd2 1/2-1/2

[Event "2. Bundesliga Ost 2015/2016"]
[Site "Wien"]
[Date "2016.04.09"]
[Round "10"]
[Board "6"]
[White "Hechl, Gerald"]
[Black "Varga, Johannes"]
[Result "0-1"]
[WhiteElo "2205"]
[BlackElo "1790"]
[PlyCount "94"]
[EventDate "2015.10.17"]
[EventType "team"]
[EventRounds "11"]
[EventCountry "AUT"]
[WhiteTeam "SC Data Technology Pressbaum/E."]
[BlackTeam "SK Advisory Invest Baden"]

1. b3 d5 2. f4 Bf5 3. Nf3 c5 4. e3 Nf6 5. Bb2 e6 6. Ne5 a6 7. Be2 Bd6 8. O-O
Nbd7 9. d3 O-O 10. g4 Bg6 11. Nd2 d4 12. Nxd7 Nxd7 13. exd4 f5 14. Nc4 Bc7 15.
Qe1 Re8 16. dxc5 Nxc5 17. Qc3 Qe7 18. gxf5 exf5 19. Bf3 Rad8 20. Rae1 Qf8 21.
Ne5 Bb6 22. Kh1 Ne6 23. Nxg6 hxg6 24. Qc4 Rc8 25. Qd5 Qf7 26. Qxb7 Qxb7 27.
Bxb7 Rxc2 28. Be5 Rxa2 29. Bd5 Kf7 30. b4 Rd2 31. Rf3 Rc2 32. Bd6 Bf2 33. Rf1
Bd4 34. Re1 Bf2 35. Rf1 Bd4 36. Bc4 Rd8 37. Bc7 Rc8 38. Bd6 Rd8 39. Bc7 Rc8 40.
Ba5 Kf6 41. Bxa6 Rh8 42. h3 Nxf4 43. Bd8+ Kf7 44. Re1 Nxh3 45. Bc4+ Rxc4 46.
Re7+ Kf8 47. dxc4 Nf4+ 0-1

[Event "2. Bundesliga Ost 2015/2016"]
[Site "Wien"]
[Date "2016.04.09"]
[Round "10"]
[Board "1"]
[White "Weinzettl, Ernst"]
[Black "Kummer, Helmut"]
[Result "1/2-1/2"]
[WhiteElo "2299"]
[BlackElo "2295"]
[PlyCount "73"]
[EventDate "2015.10.17"]
[EventType "team"]
[EventRounds "11"]
[EventCountry "AUT"]
[WhiteTeam "ASVOE VHS Poechlarn"]
[BlackTeam "SK Purbach"]

1. e4 e5 2. Nf3 Nc6 3. Nc3 Nf6 4. Bb5 Bb4 5. d3 Nd4 6. Ba4 b5 7. Bb3 d6 8. h3
c6 9. O-O a5 10. Nxd4 exd4 11. a3 Bxc3 12. bxc3 a4 13. Ba2 dxc3 14. Qe1 Be6 15.
Qxc3 Rc8 16. Bb2 Bxa2 17. Rxa2 O-O 18. Raa1 Re8 19. Rae1 Re7 20. f4 Ne8 21. Kh1
Qd7 22. Rf3 f6 23. Rg3 Qe6 24. f5 Qd7 25. Qd2 Kf8 26. Qf4 c5 27. Qh4 h6 28. Qg4
b4 29. Qg6 bxa3 30. Bxa3 Rb8 31. Kh2 Qc7 32. Qg4 Qc6 33. Qf4 Reb7 34. Rf3 Rb1
35. Rff1 Rxe1 36. Rxe1 Rb7 37. Qd2 1/2-1/2

[Event "2. Bundesliga Ost 2015/2016"]
[Site "Wien"]
[Date "2016.04.09"]
[Round "10"]
[Board "2"]
[White "Zimmermann, Heinz"]
[Black "Ganaus, Hannes"]
[Result "1-0"]
[WhiteElo "2179"]
[BlackElo "2279"]
[PlyCount "81"]
[EventDate "2015.10.17"]
[EventType "team"]
[EventRounds "11"]
[EventCountry "AUT"]
[WhiteTeam "SK Purbach"]
[BlackTeam "ASVOE VHS Poechlarn"]

1. d4 Nf6 2. Bg5 c5 3. e3 Ne4 4. Bf4 Qb6 5. Nc3 Nxc3 6. bxc3 Qa5 7. Qd2 e6 8.
Nf3 Be7 9. Bd3 cxd4 10. exd4 d6 11. O-O Nd7 12. Rfb1 a6 13. c4 Qxd2 14. Bxd2
O-O 15. Re1 b6 16. Bb4 Re8 17. Rab1 Bb7 18. Nd2 Kf8 19. Ne4 Bxe4 20. Rxe4 Nf6
21. Re3 h6 22. Be2 Rab8 23. Reb3 Nd7 24. a4 a5 25. Bd2 Bg5 26. f4 Bf6 27. Be3
Rec8 28. Bd3 g6 29. Rb5 h5 30. Kf2 Ra8 31. Kf3 Ra7 32. h3 Rac7 33. d5 Rxc4 34.
dxe6 fxe6 35. Bxc4 Rxc4 36. Bxb6 Rxa4 37. Bxa5 Rc4 38. Rb7 Ke8 39. Ra7 Bd4 40.
Ra8+ Ke7 41. Bd8+ 1-0

[Event "2. Bundesliga Ost 2015/2016"]
[Site "Wien"]
[Date "2016.04.09"]
[Round "10"]
[Board "4"]
[White "Heiny, Michael"]
[Black "Ernst, Michael"]
[Result "0-1"]
[WhiteElo "2046"]
[BlackElo "2163"]
[PlyCount "96"]
[EventDate "2015.10.17"]
[EventType "team"]
[EventRounds "11"]
[EventCountry "AUT"]
[WhiteTeam "SK Purbach"]
[BlackTeam "ASVOE VHS Poechlarn"]

1. d4 Nf6 2. c4 e6 3. Nf3 d5 4. g3 dxc4 5. Qa4+ Nbd7 6. Bg2 a6 7. Qxc4 b5 8.
Qc2 Bb7 9. O-O c5 10. Bg5 cxd4 11. Nxd4 Bxg2 12. Kxg2 Rc8 13. Qd2 Be7 14. Rd1
O-O 15. a3 Ne5 16. Nc3 Nc4 17. Qc2 Qc7 18. Rd3 h6 19. Bxf6 Bxf6 20. e3 e5 21.
Nde2 e4 22. Rd5 Nxb2 23. Qxb2 Bxc3 24. Nxc3 Qxc3 25. Qxc3 Rxc3 26. Rd4 Rc4 27.
Rxc4 bxc4 28. Rc1 Rc8 29. f3 f5 30. g4 exf3+ 31. Kxf3 fxg4+ 32. Kxg4 c3 33. Rc2
Kf7 34. Kf5 g6+ 35. Ke5 g5 36. Kd4 Ke6 37. Rxc3 Rxc3 38. Kxc3 Ke5 39. h3 Ke4
40. Kd2 Kf3 41. Kd3 h5 42. e4 Kf4 43. a4 a5 44. e5 Kxe5 45. Ke3 Kd5 46. Kd3 g4
47. hxg4 hxg4 48. Ke3 Kc4 0-1

[Event "2. Bundesliga Ost 2015/2016"]
[Site "Wien"]
[Date "2016.04.09"]
[Round "10"]
[Board "5"]
[White "Schweitzer, Werner"]
[Black "Mesaros, Sebastian"]
[Result "1-0"]
[WhiteElo "2026"]
[BlackElo "1870"]
[PlyCount "51"]
[EventDate "2015.10.17"]
[EventType "team"]
[EventRounds "11"]
[EventCountry "AUT"]
[WhiteTeam "ASVOE VHS Poechlarn"]
[BlackTeam "SK Purbach"]

1. e4 c5 2. Nc3 Nc6 3. Bb5 Nd4 4. f4 Nxb5 5. Nxb5 a6 6. Nc3 e6 7. Nf3 d6 8. O-O
g6 9. d3 Bg7 10. Qe1 Ne7 11. Bd2 O-O 12. Nd1 d5 13. Bc3 d4 14. Bd2 b5 15. Qg3
Bb7 16. Nf2 c4 17. Rae1 Rc8 18. Bb4 a5 19. Bxe7 Qxe7 20. f5 exf5 21. exf5 Qb4
22. Ng4 f6 23. fxg6 hxg6 24. Nh4 g5 25. Nf5 Rce8 26. Qc7 1-0

[Event "2. Bundesliga Ost 2015/2016"]
[Site "Wien"]
[Date "2016.04.09"]
[Round "10"]
[Board "6"]
[White "Mueller, Florian"]
[Black "Lammer, Stefan"]
[Result "0-1"]
[WhiteElo "1786"]
[BlackElo "2073"]
[PlyCount "56"]
[EventDate "2015.10.17"]
[EventType "team"]
[EventRounds "11"]
[EventCountry "AUT"]
[WhiteTeam "SK Purbach"]
[BlackTeam "ASVOE VHS Poechlarn"]

1. c4 e5 2. Nc3 Bb4 3. e3 Nf6 4. Nge2 O-O 5. a3 Be7 6. g3 c6 7. d4 d6 8. Bg2
Re8 9. O-O Bf5 10. e4 Bg6 11. d5 a5 12. Qc2 Nbd7 13. Bd2 Rc8 14. f3 cxd5 15.
cxd5 Nxd5 16. Qb3 Qb6+ 17. Qxb6 N5xb6 18. Rac1 Nc4 19. Rc2 Ndb6 20. Rd1 d5 21.
Nxd5 Nxd5 22. Rxc4 Rxc4 23. exd5 Bc5+ 24. Kh1 Rc2 25. b4 axb4 26. axb4 Bd4 27.
f4 Bh5 28. Bf1 Bf3+ 0-1

[Event "2. Bundesliga Ost 2015/2016"]
[Site "Wien"]
[Date "2016.04.09"]
[Round "10"]
[Board "1"]
[White "Galyas, Miklos"]
[Black "Baumegger, Siegfried"]
[Result "1-0"]
[WhiteElo "2457"]
[BlackElo "2466"]
[PlyCount "77"]
[EventDate "2015.10.17"]
[EventType "team"]
[EventRounds "11"]
[EventCountry "AUT"]
[WhiteTeam "ASVOE Pamhagen"]
[BlackTeam "tschaturanga"]

1. c4 e6 2. g3 d5 3. Bg2 Nf6 4. Nf3 Be7 5. O-O O-O 6. b3 b6 7. Bb2 Bb7 8. e3
Nbd7 9. Nc3 c5 10. Qe2 Qc7 11. Nh4 dxc4 12. bxc4 Ne8 13. f4 Nd6 14. Bxb7 Qxb7
15. Nf3 f5 16. d3 Bf6 17. Rfe1 Rae8 18. Rad1 e5 19. Nd5 e4 20. Nxf6+ Nxf6 21.
Ne5 Rd8 22. d4 cxd4 23. Rxd4 Nf7 24. Red1 Rxd4 25. exd4 Re8 26. d5 Nxe5 27.
fxe5 Nd7 28. e6 Nc5 29. Ba3 Qc8 30. Qe3 Nb7 31. Qd4 Qd8 32. e7 Rxe7 33. Bxe7
Qxe7 34. d6 Qe6 35. Qd5 Nd8 36. Qxe6+ Nxe6 37. d7 Nd8 38. Rd5 Kf7 39. Re5 1-0

[Event "2. Bundesliga Ost 2015/2016"]
[Site "Wien"]
[Date "2016.04.09"]
[Round "10"]
[Board "2"]
[White "Wukits, Rene"]
[Black "Lipka, Juraj"]
[Result "1/2-1/2"]
[WhiteElo "2333"]
[BlackElo "2411"]
[PlyCount "58"]
[EventDate "2015.10.17"]
[EventType "team"]
[EventRounds "11"]
[EventCountry "AUT"]
[WhiteTeam "tschaturanga"]
[BlackTeam "ASVOE Pamhagen"]

1. d4 d5 2. Nf3 c6 3. c3 Bg4 4. Ne5 Bf5 5. Bf4 Nd7 6. Nd2 Nxe5 7. Bxe5 e6 8. e3
Nf6 9. Qb3 Qb6 10. Be2 Be7 11. O-O O-O 12. Rfc1 Rfc8 13. h3 Nd7 14. Bg3 c5 15.
f3 Bg6 16. Qxb6 Nxb6 17. a4 cxd4 18. exd4 Bg5 19. f4 Be7 20. a5 Nd7 21. a6 b6
22. Bb5 Nf6 23. Bh4 Kf8 24. Bxf6 Bxf6 25. Rf1 Rc7 26. g4 Rd8 27. Rae1 Be7 28.
Kg2 Rd6 29. Re3 f6 1/2-1/2

[Event "2. Bundesliga Ost 2015/2016"]
[Site "Wien"]
[Date "2016.04.09"]
[Round "10"]
[Board "3"]
[White "Vitouch, Anatol"]
[Black "Sadilek, Peter"]
[Result "1/2-1/2"]
[WhiteElo "2254"]
[BlackElo "2280"]
[PlyCount "166"]
[EventDate "2015.10.17"]
[EventType "team"]
[EventRounds "11"]
[EventCountry "AUT"]
[WhiteTeam "ASVOE Pamhagen"]
[BlackTeam "tschaturanga"]

1. g3 d5 2. Nf3 Nf6 3. c4 e6 4. Bg2 Be7 5. O-O O-O 6. b3 c5 7. Bb2 Nc6 8. e3 b6
9. Nc3 Bb7 10. cxd5 Nxd5 11. Nxd5 Qxd5 12. d4 Rad8 13. Ne5 Qd6 14. dxc5 Qxc5
15. Nd7 Qf5 16. e4 Qg5 17. h4 Qh6 18. Bc1 g5 19. hxg5 Qg7 20. e5 Bxg5 21. Bxg5
Qxg5 22. f4 Qxg3 23. Rf3 Qg7 24. Kf2 Kh8 25. Rg3 Qh6 26. Qd2 Nxe5 27. Qe3 Rxd7
28. Bxb7 Ng6 29. Bc6 Rdd8 30. Rg4 Qg7 31. Rh1 Qd4 32. Be4 Kg7 33. f5 Qxe3+ 34.
Kxe3 exf5 35. Bxf5 Rfe8+ 36. Re4 Rxe4+ 37. Bxe4 Re8 38. Kd4 Rd8+ 39. Kc4 Rc8+
40. Kd5 Rc5+ 41. Kd6 f5 42. Bd5 Rc2 43. Rh5 Nf4 44. Rxf5 Nxd5 45. Rxd5 Rxa2 46.
Kc6 Rb2 47. Rd3 h5 48. Kb7 Ra2 49. Rd7+ Kg6 50. Rd6+ Kg5 51. Rd5+ Kg4 52. Rd4+
Kg3 53. Rd3+ Kg2 54. Rd4 Ra3 55. Rd2+ Kf3 56. Rd3+ Kf4 57. Rd4+ Ke3 58. Rh4 Ra5
59. b4 Rg5 60. Kxa7 b5 61. Kb6 Kf3 62. Rd4 Rf5 63. Rd3+ Kg4 64. Ka5 h4 65. Rd4+
Kg3 66. Rd3+ Kg2 67. Rd2+ Kf3 68. Rd3+ Ke4 69. Rc3 Kd4 70. Rh3 Rh5 71. Kb6 Kc4
72. Ka5 Rh8 73. Rh1 Ra8+ 74. Kb6 Rb8+ 75. Ka5 Rh8 76. Rc1+ Kb3 77. Kxb5 Rh5+
78. Rc5 Rh8 79. Rc1 h3 80. Rb1+ Kc3 81. Rc1+ Kd2 82. Rh1 h2 83. Ka6 Ke2 1/2-1/2

[Event "2. Bundesliga Ost 2015/2016"]
[Site "Wien"]
[Date "2016.04.09"]
[Round "10"]
[Board "4"]
[White "Matt, Fabian"]
[Black "Alvir, Aco"]
[Result "1/2-1/2"]
[WhiteElo "2276"]
[BlackElo "2368"]
[PlyCount "34"]
[EventDate "2015.10.17"]
[EventType "team"]
[EventRounds "11"]
[EventCountry "AUT"]
[WhiteTeam "tschaturanga"]
[BlackTeam "ASVOE Pamhagen"]

1. Nf3 Nf6 2. b3 d5 3. Bb2 Bf5 4. e3 e6 5. c4 h6 6. Be2 Nbd7 7. O-O Be7 8. d4
O-O 9. Nbd2 c6 10. Qc1 a5 11. a3 Qb8 12. Re1 Rc8 13. Qd1 Rd8 14. Bf1 Bh7 15.
Qc1 Rc8 16. Qd1 Rd8 17. Qc1 Rc8 1/2-1/2

[Event "2. Bundesliga Ost 2015/2016"]
[Site "Wien"]
[Date "2016.04.09"]
[Round "10"]
[Board "5"]
[White "Rubil, Marko"]
[Black "Sadilek, Maximilian"]
[Result "0-1"]
[WhiteElo "2217"]
[BlackElo "2227"]
[PlyCount "118"]
[EventDate "2015.10.17"]
[EventType "team"]
[EventRounds "11"]
[EventCountry "AUT"]
[WhiteTeam "ASVOE Pamhagen"]
[BlackTeam "tschaturanga"]

1. e4 b6 2. d4 Bb7 3. Bd3 Nf6 4. Nd2 e6 5. Ngf3 Be7 6. O-O d5 7. e5 Nfd7 8. Re1
c5 9. c3 Nc6 10. a3 a5 11. Nf1 c4 12. Bc2 b5 13. Ng3 b4 14. axb4 axb4 15. Rxa8
Qxa8 16. Ng5 g6 17. Qf3 Nd8 18. h4 b3 19. Bb1 Qa1 20. Bf4 Qxb2 21. h5 Nf8 22.
Nf1 gxh5 23. Bd2 Rg8 24. Nxh7 Nxh7 25. Bxh7 Rg4 26. Bc1 Qa1 27. Bd2 Qb2 28. Bc1
Qa2 29. Nh2 b2 30. Nxg4 hxg4 31. Qxg4 bxc1=Q 32. Rxc1 Qd2 33. Rc2 Qh6 34. Qg8+
Kd7 35. g3 Bc6 36. f4 Qh5 37. Ra2 Qd1+ 38. Kh2 Qb3 39. Rc2 Ba4 40. Qg4 Qa3 41.
Rf2 Qxc3 42. f5 Qe3 43. Kg2 Bb3 44. Rf4 c3 45. fxe6+ fxe6 46. Rf2 Bc4 47. Qd1
Nc6 48. Qb1 Kc7 49. Qg6 Qe4+ 50. Qxe4 dxe4 51. Bxe4 Nxd4 52. Bh7 Bd5+ 53. Kf1
Bg5 54. Ke1 Nf3+ 55. Kd1 Nxe5 56. Kc2 Bd2 57. Re2 Nc4 58. g4 Na3+ 59. Kd3 Bc4+
 0-1

[Event "2. Bundesliga Ost 2015/2016"]
[Site "Wien"]
[Date "2016.04.09"]
[Round "10"]
[Board "6"]
[White "Leitner, Gerald"]
[Black "Horvath, Dominik"]
[Result "0-1"]
[WhiteElo "2216"]
[BlackElo "2203"]
[PlyCount "60"]
[EventDate "2015.10.17"]
[EventType "team"]
[EventRounds "11"]
[EventCountry "AUT"]
[WhiteTeam "tschaturanga"]
[BlackTeam "ASVOE Pamhagen"]

1. c4 g6 2. Nc3 Bg7 3. g3 c5 4. Bg2 Nc6 5. Nf3 e6 6. O-O Nge7 7. d3 O-O 8. Rb1
b6 9. Bg5 h6 10. Bd2 Bb7 11. a3 Rc8 12. b4 cxb4 13. axb4 d5 14. Qc1 Nf5 15. g4
Nh4 16. Bxh6 Nxg2 17. Kxg2 dxc4 18. Bxg7 Kxg7 19. Ne4 Nd4 20. Qe3 Nxf3 21. exf3
Qxd3 22. Qf4 Bxe4 23. fxe4 c3 24. Rfd1 c2 25. Rxd3 cxb1=Q 26. Rh3 Rh8 27. Qe5+
f6 28. Qxe6 Rxh3 29. Qxc8 Qxe4+ 30. Kxh3 Qf3+ 0-1

[Event "2. Bundesliga Ost 2015/2016"]
[Site "Wien"]
[Date "2016.04.09"]
[Round "10"]
[Board "1"]
[White "Zilka, Stepan"]
[Black "Polak, Tomas"]
[Result "1/2-1/2"]
[WhiteElo "2520"]
[BlackElo "2525"]
[PlyCount "29"]
[EventDate "2015.10.17"]
[EventType "team"]
[EventRounds "11"]
[EventCountry "AUT"]
[WhiteTeam "Blackburne Nickelsdorf"]
[BlackTeam "SK Hietzing"]

1. d4 Nf6 2. c4 e6 3. g3 d5 4. Bg2 Be7 5. Nf3 O-O 6. O-O dxc4 7. Qa4 a6 8. Qxc4
b5 9. Qc2 Bb7 10. Bd2 Be4 11. Qc1 Bb7 12. Qc2 Be4 13. Qc1 Bb7 14. Qc2 Be4 15.
Qc1 1/2-1/2

[Event "2. Bundesliga Ost 2015/2016"]
[Site "Wien"]
[Date "2016.04.09"]
[Round "10"]
[Board "2"]
[White "Vyskocil, Neklan"]
[Black "Schwarhofer, Christopher"]
[Result "0-1"]
[WhiteElo "2364"]
[BlackElo "2378"]
[PlyCount "64"]
[EventDate "2015.10.17"]
[EventType "team"]
[EventRounds "11"]
[EventCountry "AUT"]
[WhiteTeam "SK Hietzing"]
[BlackTeam "Blackburne Nickelsdorf"]

1. e4 c5 2. Nf3 e6 3. d4 cxd4 4. Nxd4 Nf6 5. Nc3 d6 6. g4 Be7 7. g5 Nfd7 8. h4
a6 9. Bg2 b5 10. e5 d5 11. f4 Qc7 12. Nce2 Nc6 13. Be3 Bb7 14. O-O g6 15. Qd2
h6 16. Bf3 hxg5 17. hxg5 Nc5 18. Kg2 O-O-O 19. Nxc6 Bxc6 20. Nd4 Ne4 21. Qd3
Bb7 22. Rh1 Kb8 23. a3 Nxg5 24. fxg5 Qxe5 25. Qd2 Bd6 26. Ne2 d4 27. Qxd4 Rh2+
28. Kf1 Bxf3 29. Qa7+ Kc8 30. Rxh2 Qxh2 31. Qxa6+ Bb7 32. Qxb5 Qh3+ 0-1

[Event "2. Bundesliga Ost 2015/2016"]
[Site "Wien"]
[Date "2016.04.09"]
[Round "10"]
[Board "3"]
[White "Lendwai, Reinhard"]
[Black "Penz, Harald"]
[Result "1/2-1/2"]
[WhiteElo "2360"]
[BlackElo "2329"]
[PlyCount "62"]
[EventDate "2015.10.17"]
[EventType "team"]
[EventRounds "11"]
[EventCountry "AUT"]
[WhiteTeam "Blackburne Nickelsdorf"]
[BlackTeam "SK Hietzing"]

1. c4 e6 2. Nc3 d5 3. cxd5 exd5 4. d4 Nf6 5. Bg5 Be7 6. e3 O-O 7. Bd3 Be6 8.
Nge2 c6 9. O-O h6 10. Bxf6 Bxf6 11. b4 Nd7 12. Rc1 Qe7 13. Qb3 Rfd8 14. b5 c5
15. Nxd5 Bxd5 16. Qxd5 Ne5 17. Qe4 Nxd3 18. Qxd3 cxd4 19. Nxd4 a6 20. b6 Bxd4
21. exd4 Qf6 22. Rc7 Qxb6 23. Rfc1 Qxd4 24. Qxd4 Rxd4 25. Rxb7 Rd2 26. a4 Rd4
27. g3 Rxa4 28. Rcc7 Rf8 29. Ra7 g6 30. Kg2 h5 31. h4 Kg7 1/2-1/2

[Event "2. Bundesliga Ost 2015/2016"]
[Site "Wien"]
[Date "2016.04.09"]
[Round "10"]
[Board "4"]
[White "Prager, Manfred"]
[Black "Pinter, Erik"]
[Result "0-1"]
[WhiteElo "2004"]
[BlackElo "2370"]
[PlyCount "108"]
[EventDate "2015.10.17"]
[EventType "team"]
[EventRounds "11"]
[EventCountry "AUT"]
[WhiteTeam "SK Hietzing"]
[BlackTeam "Blackburne Nickelsdorf"]

1. e4 c5 2. Nf3 d6 3. d4 cxd4 4. Nxd4 Nf6 5. Nc3 Nc6 6. Be2 e5 7. Nb3 Be6 8.
O-O Be7 9. a3 O-O 10. Qd3 d5 11. exd5 Nxd5 12. Nxd5 Qxd5 13. Be3 Qxd3 14. Bxd3
b6 15. Be4 Rac8 16. Rfd1 Bf6 17. Rd2 Ne7 18. Rad1 Nf5 19. Bxf5 Bxf5 20. c3 Rfd8
21. Rxd8+ Rxd8 22. Rxd8+ Bxd8 23. f4 f6 24. Nd2 exf4 25. Bxf4 Kf7 26. Nf3 g5
27. Be3 Bd7 28. Kf2 Bc7 29. h3 h5 30. Nd2 h4 31. c4 Bg3+ 32. Kf1 Kg6 33. b3 Bd6
34. b4 Be5 35. c5 bxc5 36. Bxc5 a6 37. Kf2 Bb5 38. Ne4 f5 39. Nd6 Bb2 40. Nxb5
axb5 41. Kf3 Bxa3 42. Be7 Bb2 43. Bc5 Be5 44. Be3 Bc3 45. Bc5 Kf6 46. Bf8 Ke6
47. Bc5 Bd2 48. Ke2 Bf4 49. Kf3 Bd6 50. Be3 Bxb4 51. Bxg5 Be7 52. Bc1 b4 53. g4
hxg3 54. Kxg3 b3 0-1

[Event "2. Bundesliga Ost 2015/2016"]
[Site "Wien"]
[Date "2016.04.09"]
[Round "10"]
[Board "5"]
[White "Vlcek, Stanislav"]
[Black "Wagner, Stefan"]
[Result "1-0"]
[WhiteElo "2286"]
[BlackElo "2145"]
[PlyCount "95"]
[EventDate "2015.10.17"]
[EventType "team"]
[EventRounds "11"]
[EventCountry "AUT"]
[WhiteTeam "Blackburne Nickelsdorf"]
[BlackTeam "SK Hietzing"]

1. Nf3 c5 2. e4 Nc6 3. d4 cxd4 4. Nxd4 g6 5. c4 Bg7 6. Be3 Nf6 7. Nc3 O-O 8.
Be2 d6 9. O-O Bd7 10. Qd2 Nxd4 11. Bxd4 Bc6 12. f3 Nd7 13. Be3 a5 14. b3 Nc5
15. Rab1 Qb6 16. Rfc1 Rfc8 17. Rc2 Qd8 18. Bf1 Qf8 19. g3 h5 20. Bh3 e6 21. a3
h4 22. gxh4 Be5 23. Nd1 Nxe4 24. fxe4 Bxe4 25. Nf2 Bxc2 26. Qxc2 Qg7 27. Qe4 f5
28. Qf3 b5 29. cxb5 Rab8 30. Bf1 Rc3 31. Bd3 a4 32. bxa4 Rxa3 33. b6 d5 34. Rb4
Qe7 35. Bd2 Ra2 36. Qe3 Qd6 37. Qg5 Kf7 38. h5 Rg8 39. Ng4 Bxh2+ 40. Kh1 Ra1+
41. Rb1 Rxb1+ 42. Bxb1 fxg4 43. Bxg6+ Rxg6 44. hxg6+ Kg8 45. Qh6 Qd7 46. Qh7+
Qxh7 47. gxh7+ Kxh7 48. Kxh2 1-0

[Event "2. Bundesliga Ost 2015/2016"]
[Site "Wien"]
[Date "2016.04.09"]
[Round "10"]
[Board "6"]
[White "Stadler, Peter"]
[Black "Bachofner, Christian"]
[Result "0-1"]
[WhiteElo "2142"]
[BlackElo "2036"]
[PlyCount "60"]
[EventDate "2015.10.17"]
[EventType "team"]
[EventRounds "11"]
[EventCountry "AUT"]
[WhiteTeam "SK Hietzing"]
[BlackTeam "Blackburne Nickelsdorf"]

1. d4 d5 2. Nf3 Nf6 3. e3 Bf5 4. Nh4 Be4 5. f3 Bg6 6. Nxg6 hxg6 7. Bd3 e6 8.
O-O Nc6 9. f4 Bd6 10. Nd2 Ne7 11. Nf3 Nf5 12. c3 c6 13. Ng5 Qd7 14. Bd2 Bc7 15.
Rc1 Nd6 16. Qc2 O-O-O 17. b3 Rh6 18. c4 Rdh8 19. h3 Kb8 20. Bb4 Nf5 21. Qf2 Bb6
22. Rfd1 Ng4 23. Qf3 Ngxe3 24. c5 Bc7 25. Re1 f6 26. Rxe3 Nxe3 27. Qxe3 fxg5
28. fxg5 Rh4 29. Be1 Bf4 30. Bg3 Qc7 0-1

[Event "2. Bundesliga Ost 2015/2016"]
[Site "Wien"]
[Date "2016.04.09"]
[Round "10"]
[Board "1"]
[White "Pacher, Milan"]
[Black "Stanec, Nikolaus"]
[Result "0-1"]
[WhiteElo "2471"]
[BlackElo "2457"]
[PlyCount "88"]
[EventDate "2015.10.17"]
[EventType "team"]
[EventRounds "11"]
[EventCountry "AUT"]
[WhiteTeam "SK Austria"]
[BlackTeam "SC Donaustadt"]

1. e4 e5 2. Nf3 Nf6 3. Nxe5 d6 4. Nf3 Nxe4 5. Nc3 Nf6 6. d4 Be7 7. Bd3 O-O 8.
h3 Re8 9. O-O Nbd7 10. Ne2 d5 11. c3 c6 12. Qc2 Nf8 13. Ne5 Bd6 14. f4 Ne4 15.
Bxe4 dxe4 16. Ng3 f6 17. Qb3+ Be6 18. Qxb7 fxe5 19. fxe5 Qc7 20. Qa6 Be7 21.
Nxe4 Bd5 22. Qd3 c5 23. Bf4 Ne6 24. Bg3 Bxe4 25. Qxe4 cxd4 26. cxd4 Qc4 27.
Rad1 Rad8 28. Kh2 Rxd4 29. Rxd4 Qxf1 30. Qc6 Nxd4 31. Qxe8+ Bf8 32. Qd7 Ne2 33.
Qxa7 Nxg3 34. Kxg3 Qe1+ 35. Kf3 Qxe5 36. Qe3 Qd5+ 37. Qe4 Qf7+ 38. Qf4 Qxa2 39.
Qd4 h6 40. g4 Be7 41. Qc3 Qd5+ 42. Ke2 Qe4+ 43. Kd1 Bf6 44. Qc8+ Kh7 0-1

[Event "2. Bundesliga Ost 2015/2016"]
[Site "Wien"]
[Date "2016.04.09"]
[Round "10"]
[Board "2"]
[White "Karlusch, Albrecht"]
[Black "Hangweyrer, Manfred"]
[Result "1-0"]
[WhiteElo "2119"]
[BlackElo "2390"]
[PlyCount "69"]
[EventDate "2015.10.17"]
[EventType "team"]
[EventRounds "11"]
[EventCountry "AUT"]
[WhiteTeam "SC Donaustadt"]
[BlackTeam "SK Austria"]

1. e4 c6 2. d4 d5 3. exd5 cxd5 4. c4 Nf6 5. Nc3 e6 6. c5 Be7 7. Nf3 O-O 8. Bf4
b6 9. b4 a5 10. Na4 Nfd7 11. Bb5 bxc5 12. bxc5 Ba6 13. Qd3 Nc6 14. Bxa6 Nb4 15.
Qb5 Nxa6 16. O-O g5 17. Bg3 g4 18. Ne5 Nxe5 19. Bxe5 Qe8 20. Qb7 Nb4 21. Nb6
Rd8 22. Rfd1 f6 23. Bc7 Rf7 24. Bxd8 Bxc5 25. Bc7 Bd6 26. Rdc1 Bf4 27. Rc5 Nd3
28. Rc3 Qb5 29. Qc8+ Kg7 30. Rb3 Qxb3 31. axb3 Bxc7 32. Qxe6 Nf4 33. Qxg4+ Kh8
34. Re1 Rf8 35. Re7 1-0

[Event "2. Bundesliga Ost 2015/2016"]
[Site "Wien"]
[Date "2016.04.09"]
[Round "10"]
[Board "3"]
[White "Plachetka, Jan"]
[Black "Demircan, Suekrue"]
[Result "1-0"]
[WhiteElo "2373"]
[BlackElo "2111"]
[PlyCount "83"]
[EventDate "2015.10.17"]
[EventType "team"]
[EventRounds "11"]
[EventCountry "AUT"]
[WhiteTeam "SK Austria"]
[BlackTeam "SC Donaustadt"]

1. e4 d5 2. exd5 Qxd5 3. Nc3 Qd8 4. Bc4 Nf6 5. Nf3 Bf5 6. Ne5 e6 7. Qf3 c6 8.
O-O Qd4 9. Re1 Be7 10. d3 O-O 11. h3 Nbd7 12. Bf4 Nb6 13. Bb3 Nbd5 14. Bd2 a5
15. a3 a4 16. Ba2 Bd6 17. Nc4 Bc7 18. Ne4 b5 19. c3 Qa7 20. Ncd6 Nxe4 21. dxe4
Bxd6 22. exf5 Rad8 23. Rad1 Bc5 24. Bg5 f6 25. Bh4 exf5 26. Qxf5 Qd7 27. Qf3
Kh8 28. Rd3 Bd6 29. Red1 g5 30. Bg3 Bxg3 31. fxg3 Qa7+ 32. Kh2 Rde8 33. Bxd5
cxd5 34. Rxd5 Re3 35. Qf2 Qe7 36. R1d2 g4 37. h4 Qe6 38. Rxb5 f5 39. Rb4 Rf6
40. Qf4 Re4 41. Rd8+ Kg7 42. Qg5+ 1-0